|
|
|
|
| LEADER |
01681nam a2200445 a 4500 |
| 001 |
EBC592937 |
| 003 |
MiAaPQ |
| 005 |
20200520144314.0 |
| 006 |
m o d | |
| 007 |
cr cn||||||||| |
| 008 |
100325s2010 enk sb 001 0 eng |
| 010 |
|
|
|z 2010012392
|
| 020 |
|
|
|z 9780415580830 (hbk.)
|
| 020 |
|
|
|z 0415580838 (hbk.)
|
| 020 |
|
|
|a 9780203842454 (electronic bk.)
|
| 020 |
|
|
|a 0203842456 (electronic bk.)
|
| 035 |
|
|
|a (MiAaPQ)EBC592937
|
| 035 |
|
|
|a (Au-PeEL)EBL592937
|
| 035 |
|
|
|a (CaPaEBR)ebr10428016
|
| 035 |
|
|
|a (CaONFJC)MIL289854
|
| 035 |
|
|
|a (OCoLC)681484226
|
| 040 |
|
|
|a MiAaPQ
|c MiAaPQ
|d MiAaPQ
|
| 050 |
|
4 |
|a HD6475.A1
|b G56 2010
|
| 082 |
0 |
4 |
|a 331.88
|2 22
|
| 245 |
0 |
0 |
|a Global restructuring, labour, and the challenges for transnational solidarity
|h [electronic resource] /
|c edited by Andreas Bieler and Ingemar Lindberg.
|
| 260 |
|
|
|a Milton Park, Abingdon, Oxon, [England] ;
|a New York :
|b Routledge,
|c 2010.
|
| 300 |
|
|
|a 256 p.
|
| 490 |
1 |
|
|a Rethinking globalizations ;
|v 25
|
| 504 |
|
|
|a Includes bibliographical references (p. [232]-252) and index.
|
| 533 |
|
|
|a Electronic reproduction. Ann Arbor, MI : ProQuest, 2015. Available via World Wide Web. Access may be limited to ProQuest affiliated libraries.
|
| 650 |
|
0 |
|a International labor activities.
|
| 650 |
|
0 |
|a Labor unions.
|
| 650 |
|
0 |
|a Labor movement.
|
| 650 |
|
0 |
|a Globalization.
|
| 655 |
|
4 |
|a Electronic books.
|
| 700 |
1 |
|
|a Bieler, Andreas,
|d 1967-
|
| 700 |
1 |
|
|a Lindberg, Ingemar,
|d 1938-
|
| 710 |
2 |
|
|a ProQuest (Firm)
|
| 830 |
|
0 |
|a Rethinking globalizations ;
|v 25.
|
| 856 |
4 |
0 |
|u https://ebookcentral.proquest.com/lib/matrademy/detail.action?docID=592937
|z Click to View
|